000
00336nam a2200133Ia 4500
008
240624s9999 xx 000 0 und d
041
_a
eng
082
_a
005.19 WIL
100
_a
WILD IAN
245
_a
MOODLE COURSE CONVERSION BEGINNER S GUID
260
_c
2009
_a
New Delhi
_b
Shroff Publishers
300
_a
320 : p.
365
_c
RS
_b
27
999
_c
15520
_d
15520